| 000 | 00000nam 2200000za 4500 |
| 001 | 9.825260 |
| 003 | CaOODSP |
| 005 | 20221107144320 |
| 007 | cr ||||||||||| |
| 008 | 161003s1993 oncdboa#o f001 0 eng d |
| 020 | |z0-660-14789-0 |
| 040 | |aCaOODSP|beng |
| 043 | |an-cn--- |
| 086 | 1 |aCS51-501/1993E-PDF |
| 245 | 00|aAviation in Canada |h[electronic resource] : |bhistorical and statistical perspectives on civil aviation / |cStatistics Canada, Transportation Division, Aviation Statistics Centre. |
| 260 | |aOttawa : |bStatistics Canada, |c1993. |
| 300 | |a216 p. : |bmaps, charts, photographs, ill. |
| 500 | |aIssued also in French under title: L'Aviation au Canada. |
| 500 | |a"Trish Horricks, the principal author of the publication"--Acknowledgements |
| 500 | |a"Published by authority of the Minister responsible for Statistics Canada." |
| 500 | |a"October 1993." |
| 504 | |aIncludes bibliographic references. |
| 520 | |a"Aviation in Canada: Historical and Statistical perspectives on Civil Aviation presents both an analytical account of recent developments up to 1992 and an historical chronicle of 75 years of the air transport industry"--cover. |
| 692 | 07|2gccst|aStatistics |
| 692 | 07|2gccst|aCivil aviation |
| 710 | 2 |aAviation Statistics Centre (Canada) |
| 775 | 08|tL'aviation au Canada |w(CaOODSP)9.825268 |
| 776 | 0#|tAviation in Canada : |w(CaOODSP)9.644638 |
| 856 | 40|qPDF|s22.35 MB|uhttps://publications.gc.ca/collections/collection_2016/statcan/CS51-501-1993-eng.pdf |